Les films avec Mel Gibson - Statistiques

Statistiques générales
  • Ce quiz a été pris 24 fois
  • Le résultat moyen est 7 sur 20
Statistiques - réponses
Hint Réponse % Correct
Un guerrier écossais épris de liberté Braveheart
95%
Le sergent Martin Riggs L'Arme fatale
90%
Un policier devenu justicier en Australie Mad Max
76%
Un personnage de Shakespeare Hamlet
71%
Un père de famille veuf qui protège ses enfants d'une invasion extraterrestre Signes
71%
Un publicitaire qui entend les pensées de toutes les femmes Ce que veulent les femmes
57%
Un marin en partance pour Tahiti, chef de file d'une mutinerie Le Bounty
48%
Un capitaine durant la guerre d'Indépendance Américaine The Patriot
48%
Un père de famille qui prend au dépourvu les ravisseurs de son fils La Rançon
38%
Un joueur de poker professionnel Maverick
33%
Un lieutenant colonel durant la guerre du Vietnam Nous étions soldats
24%
Un chauffeur de taxi paranoïaque qui a servi de cobaye pour la CIA Complots
19%
Dale « Mac » McKussic, ancien trafiquant de drogue Tequila Sunrise
14%
Un enquêteur de Boston dont la fille a été assassinée Hors de contrôle
10%
Un directeur de jouet dépressif et suicidaire qui trouve son salut grâce à une marionnette Le Complexe du castor
10%
Petit escrocde Chicago qui s'attaque à la mafia chinoise Payback
10%
Ex-motard, ex-alcoolique, ex-taulard qui vient en aide à sa fille Blood Father
5%
Un père Noël fauché qui accepte de fabriquer du matériel militaire Fatman
5%
Un agriculteur confronté à la dureté du métier La Rivière
0%
Un inspecteur de police surnommé ''Frankenstein'' qui enquête sur la chute mortelle d'un jeune paumé The Million Dollar Hotel
0%
Aucun quiz correspondant
Distribution des résultats
% des personnes avec chaque résultat
Percentile par nombre de réponses
Votre historique - résultats
Vous n’avez pas pris ce quiz